000
00226 a2200097 4500
001
9311
100
_a
Merriam, A.P.
245
_a
Dewey decimal classification and relative index.
260
_a
_b
L C F
_c
090
_c
7481
_d
7481
942
_a
NUST-CAE
_c
M
_c
34135
999
_c
244384
_d
244384